Pays en fonction de leurs archipels - Statistiques

Statistiques générales
  • Ce quiz a été pris 77 fois
  • Le résultat moyen est 9 sur 20
Statistiques - réponses
Hint Réponse % Correct
Baléares Espagne
100%
Shetland Royaume-Uni
93%
Cyclades Grèce
85%
Svalbard Norvège
84%
Galapagos Equateur
81%
Mariannes du Nord Etats-Unis
80%
Féroé Danemark
77%
Andaman Inde
46%
Tokelau Nouvelle-Zélande
41%
Tuamotu France
36%
Saba-et-Saint-Eustache Pays-Bas
35%
Gilbert Kiribati
19%
François-Joseph Russie
16%
Belcher Canada
14%
Revila Gigedo Mexique
14%
Recherche Australie
9%
Chonos Chili
8%
Entrecasteaux Papouasie-Nouvelle-Guinée
8%
Farquhar Seychelles
7%
Volcano Japon
5%
Aucun quiz correspondant
Distribution des résultats
% des personnes avec chaque résultat
Percentile par nombre de réponses
Votre historique - résultats
Vous n’avez pas pris ce quiz